Encyclopedia of Islamic spirituality (Record no. 332050)

000 -LEADER
fixed length control field 00583nam a22002417a 4500
003 - CONTROL NUMBER IDENTIFIER
control field Nust
005 - DATE AND TIME OF LATEST TRANSACTION
control field 20210321112926.0
008 - FIXED-LENGTH DATA ELEMENTS--GENERAL INFORMATION
fixed length control field 161207b xxu||||| |||| 00| 0 eng d
020 ## - INTERNATIONAL STANDARD BOOK NUMBER
International Standard Book Number 9695190154 (hbk)
020 ## - INTERNATIONAL STANDARD BOOK NUMBER
International Standard Book Number 9695190146
038 ## - RECORD CONTENT LICENSOR
Staff Name 0
040 ## - CATALOGING SOURCE
Transcribing agency Nust
041 ## - LANGUAGE CODE
Language code of original eng
082 ## - DEWEY DECIMAL CLASSIFICATION NUMBER
Classification number 297.03
Author Mark NAS
100 ## - MAIN ENTRY--PERSONAL NAME
Personal name Nasr, Seyyed Hossein
9 (RLIN) 181
245 ## - TITLE STATEMENT
Title Encyclopedia of Islamic spirituality
260 ## - PUBLICATION, DISTRIBUTION, ETC.
Place of publication, distribution, etc. Lahore:
Name of publisher, distributor, etc. Suhail academy,
Date of publication, distribution, etc. 2002.
300 ## - PHYSICAL DESCRIPTION
Extent 548p
500 ## - GENERAL NOTE
General note Encyclopedia
563 ## - BINDING INFORMATION
Binding note ukn
650 ## - SUBJECT ADDED ENTRY--TOPICAL TERM
Topical term or geographic name entry element Islamic philosophy
9 (RLIN) 5647
942 ## - ADDED ENTRY ELEMENTS (KOHA)
Source of classification or shelving scheme
Koha item type Book
Holdings
Withdrawn status Lost status Source of classification or shelving scheme Damaged status Not for loan Permanent Location Current Location Shelving location Date acquired Total Checkouts Total Renewals Full call number Barcode Date last seen Date last checked out Price effective from Koha item type
          Central Library (CL) Central Library (CL) First Floor - Islam 11/08/2017 1 3 297.03 NAS V-2 CL2382 02/01/2023 03/10/2021 11/08/2017 Book
© 2023 Central Library, National University of Sciences and Technology. All Rights Reserved.